| 000 | 00900nam a2200217 a 4500 | ||
|---|---|---|---|
| 005 | 20210223124837.0 | ||
| 008 | 030227s1993 ea r 000 0 eng d | ||
| 020 | _a0472104551 | ||
| 035 | _aUPN01000122236 | ||
| 049 | _aCG | ||
| 050 | 4 |
_aRJ496 L4 _bE5.4 |
|
| 245 | 0 | 4 |
_aThe enduring effects of prenatal alcohol exposure on child development : _bbirth through seven years, a partial least squares solution / _cAnn P. Streissguth ... [et al.]. |
| 260 |
_aMichigan, E.U.A. : _bThe University of Michigan Press, _c1993. |
||
| 300 | _a301 p. | ||
| 440 | 0 |
_aInternational Academy for research in learning disabilities monograph series ; _v10 |
|
| 650 | 4 |
_aTRASTORNOS DEL APRENDIZAJE - _xETIOLOGIA - _xESTUDIOS LONGITUDINALES _910372 |
|
| 650 | 4 |
_aALCOHOL Y MUJERES _92115 |
|
| 650 | 4 |
_aEMBARAZO - _xCASOS, INFORMES CLINICOS, ESTADISTICA _910373 |
|
| 700 | 1 |
_aStreissguth, Ann P., _ecoaut. |
|
| 905 | _aLibro | ||
| 999 |
_c94433 _d94433 |
||